Les résultats du Psg en ldc en 2022-2023 - Statistiques

Statistiques générales
  • Ce quiz a été pris 374 fois
  • Le résultat moyen est 7 sur 8
Statistiques - réponses
Hint Réponse % Correct
Psg - Juventus 2-1
95%
Psg - Bayern 0-1
88%
Benfica - Psg 1-1
88%
Psg - Benfica 1-1
87%
Bayern - Psg 2-0
87%
Maccabi Haifa - Psg 1-3
82%
Juventus - Psg 1-2
81%
Psg - Maccabi Haifa 7-2
70%
Aucun quiz correspondant
Distribution des résultats
% des personnes avec chaque résultat
Percentile par nombre de réponses
Votre historique - résultats
Vous n’avez pas pris ce quiz